000 00452nam a2200169Ia 4500
008 090711s9999 xx 000 0 und d
082 _b47092
100 _aवगळ अरुण
245 _aस्वप्नगंधा
260 _c1983
300 _a148
600 _aवगळ अरुण
630 _aस्वप्नगंधा
700 _aवगळ अरुण
730 _aस्वप्नगंधा
942 _cBOOK
999 _c299252
_d299252